| 000 | 00571nam a2200121Ia 4500 | ||
|---|---|---|---|
| 008 | 220620s9999||||xx |||||||||||||| ||und|| | ||
| 245 | 0 |
_aLand of Necessity _bConsumer Culture in the United States–Mexico Borderlands |
|
| 546 | _aEnglish[eng] | ||
| 650 | _aHistory||United States||20th Century||Social Science||Sociology||History||Latin America||Mexico | ||
| 700 | _aMcCrossen, Alexis||Campbell, Howard||Greenberg, Amy S.||St. John, Rachel||Serna, Laura Isabel | ||
| 856 | _uhttps://library.oapen.org/bitstream/20.500.12657/49430/1/external_content.pdf | ||
| 942 | _cEB | ||
| 999 |
_c33972 _d33972 |
||